Studies on the oxidase rich plants callus cultures for biocatalysis/ (Record no. 750098)

MARC details
000 -LEADER
fixed length control field 00368nam a2200109 4500
082 ## - DEWEY DECIMAL CLASSIFICATION NUMBER
Classification number 660.6 NIS
084 ## - OTHER CLASSIFICATION NUMBER
Source of Number Colon Classification
100 ## - MAIN ENTRY--AUTHOR NAME
Personal name Nisha Rani D
245 ## - TITLE STATEMENT
Title Studies on the oxidase rich plants callus cultures for biocatalysis/
Statement of responsibility, etc Nisha Rani D
260 ## - PUBLICATION, DISTRIBUTION, ETC. (IMPRINT)
Place of publication Regional Research Laboratory, CSIR, Pappanamcode;
Name of publisher University of Kerala:
Year of publication 2006.
942 ## - ADDED ENTRY ELEMENTS (KOHA)
Source of classification or shelving scheme Dewey Decimal Classification
Koha item type PhD Thesis
Holdings
Withdrawn status Lost status Source of classification or shelving scheme Damaged status Not for loan Home Library Current Location Date acquired Full call number Accession Number Price effective from Koha item type
    Dewey Decimal Classification     Dept. of Bio-Technology Dept. of Bio-Technology 01/07/2025 660.6 NIS BTYT032 01/07/2025 PhD Thesis